mastering effective english: what is the right word? (Record no. 4836)

000 -LEADER
fixed length control field 00429 a2200157 4500
020 ## - INTERNATIONAL STANDARD BOOK NUMBER
International Standard Book Number 8176489859
040 ## - CATALOGING SOURCE
Original cataloging agency DLC
Language of cataloging DLC
082 ## - DEWEY DECIMAL CLASSIFICATION NUMBER
Classification number 808
100 ## - MAIN ENTRY--PERSONAL NAME
Personal name Sinha, B. B.
245 ## - TITLE STATEMENT
Title mastering effective english: what is the right word?
Statement of responsibility, etc. B. B. Sinha
260 ## - PUBLICATION, DISTRIBUTION, ETC.
Place of publication, distribution, etc. New Delhi:
Name of publisher, distributor, etc. Paragon Computers,
Date of publication, distribution, etc. 2005.
300 ## - PHYSICAL DESCRIPTION
Extent 347 p. ;
Dimensions 24 cm.
500 ## - GENERAL NOTE
General note Includes Index
650 ## - SUBJECT ADDED ENTRY--TOPICAL TERM
Topical term or geographic name entry element English language--Rhetoric.
942 ## - ADDED ENTRY ELEMENTS (KOHA)
Koha item type Book
Call number prefix 808 SIN
Source of classification or shelving scheme
Holdings
Withdrawn status Lost status Damaged status Not for loan Collection code Permanent Location Current Location Shelving location Date acquired Source of acquisition Cost, normal purchase price Total Checkouts Full call number Barcode Date last seen Date last checked out Price effective from Koha item type Total Renewals
          Central Library (CL) Central Library (CL) General Stacks 10/28/2005 Allied Book Company 1001.70 1 808 SIN SEECS006621 10/26/2020 10/24/2019 01/05/2017 Book  
          Central Library (CL) Central Library (CL) General Stacks 10/28/2005 Allied Book Company 1001.70 5 808 SIN SEECS006620 08/17/2020 12/18/2018 01/05/2017 Book 2
© 2023 Central Library, National University of Sciences and Technology. All Rights Reserved.